| 000 | nam a22 7a 4500 | ||
|---|---|---|---|
| 999 |
_c128511 _d128511 |
||
| 008 | 181106b xxu||||| |||| 00| 0 eng d | ||
| 050 | _aHN37.C3 S678 | ||
| 100 |
_aAFCAST _943278 |
||
| 245 |
_aSocial teachings of the catholic church _cby African Forum for Catholic Social Teaching |
||
| 260 |
_aHarare: _bAFCAST, |
||
| 300 | _a26P. | ||
| 650 |
_aSociology, Catholic _913981 |
||
| 942 |
_2lcc _cMONOGRAPH |
||